| 000 | 00325nam a2200133 a 4500 | ||
|---|---|---|---|
| 001 | 5449 | ||
| 003 | CDMR | ||
| 005 | 20130301121406.0 | ||
| 008 | 130130s1990||||||||||||||||||||||||||||d | ||
| 040 |
_aCDMR _bcat _cCDMR |
||
| 245 | 0 | 0 |
_aPremios Ortega y Gasset de periodismo _b1990 |
| 260 |
_aMadrid _c1990 _bEl PaĆs |
||
| 942 |
_cMON _2udc |
||
| 999 |
_c5449 _d5449 |
||